|
|
|
|
| LEADER |
00000nam a2200000 a 4500 |
| 001 |
vtls011787028 |
| 003 |
SK-MaSNL |
| 005 |
20260301045958.0 |
| 008 |
251112s1538 gw 011 0dlat |
| 015 |
|
|
|a SNBHFA1538
|
| 020 |
|
|
|q (viaz.)
|
| 035 |
|
|
|a urn:nbn:sk:snk-am00eeuk
|
| 035 |
|
|
|a urn:nbn:sk:snk-am3ii1v
|
| 035 |
|
|
|a CB5CD4C9-DDE1-4186-B313-319909155146
|
| 040 |
|
|
|a SNKHF
|b slo
|c SNK
|e AACR2
|
| 041 |
0 |
|
|a lat
|
| 044 |
|
|
|a gw
|c DE
|
| 072 |
|
7 |
|a 16
|x Logika
|2 konspekt
|
| 080 |
|
|
|a 162.6
|2 2011
|
| 080 |
|
|
|a 16
|2 2011
|
| 080 |
|
|
|a 37.013
|2 2011
|
| 100 |
1 |
|
|a Agricola, Rudolf,
|c starší,
|d 1442-1485
|4 aut
|9 180608
|
| 245 |
1 |
0 |
|a De Inventione Dialectica libri tres, cum scholijs Iohannis Matthaei Phrissemij, & marginalibus annotationibus nũc auctis passim ac recognitis, sublatis etiam multis erroribus qui cum in Rodolpho ipso, tum etiam in scholijs hactenus anima aduersi non suere
|b Cum indice in omnes libros, multo quàm antehac locupletiore
|c Rodolphi Agricolae Phrisii
|
| 260 |
|
|
|a Coloniae
|b expẽsis M. Godefridi Hittorpij ciuis Agrippinensis
|c M. D. XXXVIII. [=1538]
|e Coloniae
|f ex officina Euchorij Ceruicorni
|
| 300 |
|
|
|a [8] listov, 768 strán, [16] listov
|c 8°
|c 16 × 11,5 cm
|
| 500 |
|
|
|a Iniciálka s ornamentálnym pozadím v rámčeku na 7 riadkov, verzály na 3 - 5 riadkov
|
| 504 |
|
|
|a Marginálie, kustody
|
| 508 |
|
|
|a Predslov; Dedikácia: Phrissemius, Johannes Matthaeus; Wagner, Matthias
|
| 510 |
4 |
|
|a VD 16 A/1102
|
| 546 |
|
|
|a Latinčina
|b Antiqua
|b Kurzíva
|
| 550 |
|
|
|a Vydavateľ doplnený z kolofónu
|
| 561 |
|
|
|a Z knižnice františkánov Bratislava. - Elipsovitá pečiatka Bibliotheca Prov. S. Mariae O. FF. M.
|5 SNKID 100434
|
| 562 |
|
|
|a Rukopisné poznámky a marginálie v latinčine; rukopisný exlibris: Conuentus Posoniensis Frúm Minoŕ.
|5 SNKID 100434
|
| 563 |
|
|
|a Väzba: žlto-hnedá koža s ornamentálno-figurálnou slepotlačou a dve kovové spony s textom na titule: Dialecti: Rodo.
|5 SNKID 100434
|
| 650 |
0 |
7 |
|a dialektika
|2 SNKPH
|9 17838
|
| 650 |
0 |
7 |
|a logika
|2 SNKPH
|9 806
|
| 650 |
0 |
7 |
|a pedagogika
|2 SNKPH
|9 955
|
| 700 |
1 |
|
|a Wagner, Matthias
|4 hnr
|9 354881
|
| 700 |
1 |
|
|a Cervicornus, Eucharius,
|d zomrel 1547
|4 prt
|9 172625
|
| 700 |
1 |
|
|a Hittorp, Gottfried,
|d 1485-1573
|4 pbl
|9 180609
|
| 700 |
1 |
|
|a Trithemius, Johannes,
|d 1462-1516
|4 ctb
|9 54410
|
| 700 |
1 |
|
|a Phrissemius, Johannes Matthaeus,
|d zomrel 1533
|4 aui
|4 dto
|4 cwt
|9 180610
|
| 710 |
0 |
|
|a Hittorp, Gottfried (Kolín nad Rýnom, Nemecko),
|d 1517-1543
|4 pbl
|9 312261
|
| 710 |
1 |
|
|a Františkáni (Bratislava, Slovensko)
|4 fmo
|9 281881
|
| 710 |
0 |
|
|a Cervicornus, Eucharius (Kolín nad Rýnom, Nemecko),
|d 1516-1547
|4 prt
|9 180611
|
| 752 |
|
|
|a Nemecko
|d Kolín nad Rýnom
|
| 852 |
|
|
|a snk
|b Františkáni Bratislava
|p ID 100434
|
| 958 |
|
|
|a ONDV
|
| 999 |
|
|
|c 599836
|d 601766
|
| 952 |
|
|
|t Fr Ba 216
|a SNK
|b SNK
|c SNK_HF
|y PREZ
|7 0
|p 17A1131157
|o snkID 100434
|i snk2018/21800
|8 5
|0 0
|1 0
|4 0
|d 2018-10-23
|f 1
|l 0
|r 2026-02-23 15:51:11
|w 2026-02-23
|